Survey of cottage industries in East Pakistan. (Record no. 85688)

MARC details
000 -LEADER
fixed length control field 00601cam a22002051 4500
001 - CONTROL NUMBER
control field sa 68014314
003 - CONTROL NUMBER IDENTIFIER
control field DLC
005 - DATE AND TIME OF LATEST TRANSACTION
control field 20260227112630.0
008 - FIXED-LENGTH DATA ELEMENTS--GENERAL INFORMATION
fixed length control field 760813s1966 bg b s 000 0 eng
010 ## - LIBRARY OF CONGRESS CONTROL NUMBER
LC control number sa 68014314
040 ## - CATALOGING SOURCE
Original cataloging agency DLC
Transcribing agency DLC
Modifying agency DLC
050 00 - LIBRARY OF CONGRESS CALL NUMBER
Classification number HD2346.P32
Item number E36
082 00 - DEWEY DECIMAL CLASSIFICATION NUMBER
Classification number 338.6/3/095492
110 2# - MAIN ENTRY--CORPORATE NAME
Corporate name or jurisdiction name as entry element East Pakistan Small Industries Corporation.
Subordinate unit Statistics Department.
245 10 - TITLE STATEMENT
Title Survey of cottage industries in East Pakistan.
260 ## - PUBLICATION, DISTRIBUTION, ETC.
Place of publication, distribution, etc. Dacca
Date of publication, distribution, etc. [1966]
300 ## - PHYSICAL DESCRIPTION
Extent 195 p.
Other physical details map.
Dimensions 27 cm.
500 ## - GENERAL NOTE
General note Cover title.
650 #0 - SUBJECT ADDED ENTRY--TOPICAL TERM
Topical term or geographic name entry element Cottage industries
Geographic subdivision Pakistan
General subdivision Statistics.

No items available.

Powered by Koha